Vybrané LDC krajiny Afriky a ich ekonomický rozvoj bakalárska práca

Gespeichert in:
Bibliographische Detailangaben
1. Verfasser: Horečný, Andrej
Körperschaft: Fakulta medzinárodných vzťahov EU. Katedra medzinárodných ekonomických vzťahov a hospodárskej diplomacie
Weitere Verfasser: Dziura, Boris, 1976-
Format: Buch
Sprache:Slowakisch
Veröffentlicht: Bratislava 2022
Tags: Tag hinzufügen
Keine Tags, Fügen Sie das erste Tag hinzu!

MARC

LEADER 00000nbm a2200000 4500
001 0285232
005 20230403103116.0
041 0 |a slo 
044 |a SK 
245 1 0 |a Vybrané LDC krajiny Afriky a ich ekonomický rozvoj  |b bakalárska práca  |c Andrej Horečný ; školiteľ: Boris Dziura 
264 1 |a Bratislava  |c 2022 
300 |a 58 s. 
100 1 |a Horečný, Andrej 
700 1 |a Dziura, Boris, 1976- 
710 2 |a Fakulta medzinárodných vzťahov EU. Katedra medzinárodných ekonomických vzťahov a hospodárskej diplomacie